Modelovanie a simulácia pohybu satelitu na obežnej dráhe

Salvato in:
Dettagli Bibliografici
Autore principale: Major, Tomáš (Autore)
Altri autori: Rosinová, Danica (Relatore della tesi)
Natura: Manoscritto Libro
Lingua:slovacco
Pubblicazione: 2025
Soggetti:
Accesso online:http://is.stuba.sk/zp/portal_zp.pl?podrobnosti=182305
Tags: Aggiungi Tag
Nessun Tag, puoi essere il primo ad aggiungerne!!

MARC

LEADER 00000ntm a22000003a 4500
001 stuzp102281
003 SK-STU
005 20250913210350.0
007 ta
008 150427s2015----xo-----f-mn---000-0-slo-d
040 |a STU  |b slo 
041 0 |a slo 
100 1 |a Major, Tomáš  |u 031000  |4 aut  |U FEI Fakulta elektrotechniky a informatiky  |T FEI Ústav robotiky a kybernetiky  |X 104525  |U E011  |Y 356  |7 104525 
242 0 1 |a Modelling and Simulation of Satellite Motion in Orbit  |y eng 
245 1 0 |a Modelovanie a simulácia pohybu satelitu na obežnej dráhe 
260 |c 2025 
650 4 |a MATLAB  |2 slo 
650 4 |a Simulink  |2 slo 
650 4 |a obežná dráha  |2 slo 
650 4 |a trajektória  |2 slo 
650 4 |a simulácia  |2 slo 
650 4 |a satelit  |2 slo 
650 4 |a satellite  |2 eng 
650 4 |a MATLAB  |2 eng 
650 4 |a orbit  |2 eng 
650 4 |a Simulink  |2 eng 
650 4 |a trajectory  |2 eng 
650 4 |a simulation  |2 eng 
700 1 |a Rosinová, Danica  |u 030400  |k Z1  |4 ths  |U FEI Fakulta elektrotechniky a informatiky  |T FEI Ústav automobilovej mechatroniky  |X 4938  |U E400  |Y 642  |7 A000004938 
856 4 |u http://is.stuba.sk/zp/portal_zp.pl?podrobnosti=182305